| 000 | nam a22 7a 4500 | ||
|---|---|---|---|
| 999 |
_c342283 _d342283 |
||
| 003 | NUST | ||
| 005 | 20171215112751.0 | ||
| 008 | 171215b xxu||||| |||| 00| 0 eng d | ||
| 040 | _c0 | ||
| 082 | _a660 NIS | ||
| 245 |
_aBasic Chemical Engineering CHT-153: _blab Manual for diploma of associate engineer |
||
| 260 |
_aIslamabad _bNISTE, NBF _c2002. |
||
| 300 | _a64p. | ||
| 500 | _aP.B | ||
| 942 |
_2ddc _cBK _kIESE |
||